[Event "World Rapid 2025"]
[Site "Doha QAT"]
[Date "2025.12.26"]
[Round "2.7"]
[White "Rapport, Richard"]
[Black "Petrov, Nikita"]
[Result "1/2-1/2"]
[WhiteTitle "GM"]
[BlackTitle "GM"]
[WhiteElo "2741"]
[BlackElo "2578"]
[WhiteFideId "738590"]
[BlackFideId "4101286"]
[EventDate "2025.12.26"]
[EventType "rapid"]

1. Nf3 d5 2. g3 Bg4 3. Bg2 c6 4. c4 e6 5. O-O Nf6 6. Qb3 Qb6 7. d3 Nbd7 8. Qc2
dxc4 9. Qxc4 Bxf3 10. Bxf3 Ne5 11. Qf4 Nxf3+ 12. Qxf3 Be7 13. Nd2 O-O 14. Nc4
Qd8 15. Bd2 Qd7 16. b4 Rfd8 17. a4 Qd5 18. Kg2 Ng4 19. Qxd5 exd5 20. Na5 Rd7 21.
Rac1 Re8 22. h3 Nf6 23. e3 Rc7 24. Nb3 Nd7 25. Rc2 Rec8 26. Rfc1 Ne5 27. d4 Nd3
28. Rb1 Nxb4 29. Bxb4 Bxb4 30. Nc5 Bxc5 31. dxc5 Re8 32. a5 a6 33. Rcb2 Ree7 34.
g4 Kf8 35. Rb4 Ke8 36. h4 Kd8 37. Kg3 Kc8 38. Kf4 Re6 39. Rd4 Rce7 40. Rbb4 h6
41. h5 Re5 42. e4 dxe4 43. Rxe4 f6 44. f3 Kc7 45. Rxe5 Rxe5 46. Re4 Rxe4+ 47.
Kxe4 1/2-1/2

[Event "World Rapid 2025"]
[Site "Doha QAT"]
[Date "2025.12.26"]
[Round "2.8"]
[White "Kadric, Denis"]
[Black "Dubov, Daniil"]
[Result "1-0"]
[WhiteTitle "GM"]
[BlackTitle "GM"]
[WhiteElo "2543"]
[BlackElo "2672"]
[WhiteFideId "14403803"]
[BlackFideId "24126055"]
[EventDate "2025.12.26"]
[EventType "rapid"]

1. e4 e5 2. Nf3 Nc6 3. Bc4 Nf6 4. d3 Be7 5. Nc3 d6 6. a3 O-O 7. h3 Be6 8. Nd5
Bxd5 9. exd5 Nb8 10. O-O c6 11. dxc6 bxc6 12. Re1 Nbd7 13. d4 e4 14. Nd2 d5 15.
Bf1 Bd6 16. c4 Re8 17. Nb1 dxc4 18. Nc3 h6 19. Bxc4 Nb6 20. Bf1 Bc7 21. g3 Nfd5
22. Bg2 e3 23. Bxe3 Nxe3 24. Rxe3 Rxe3 25. fxe3 Bxg3 26. e4 g5 27. Qg4 Bf4 28.
Ne2 Be3+ 29. Kh2 1-0

[Event "World Rapid 2025"]
[Site "Doha QAT"]
[Date "2025.12.26"]
[Round "2.9"]
[White "Giri, Anish"]
[Black "Zemlyanskii, Ivan"]
[Result "1/2-1/2"]
[WhiteTitle "GM"]
[BlackTitle "GM"]
[WhiteElo "2760"]
[BlackElo "2592"]
[WhiteFideId "24116068"]
[BlackFideId "24249971"]
[EventDate "2025.12.26"]
[EventType "rapid"]

1. e4 c5 2. Nf3 e6 3. g3 Nc6 4. Bg2 Nf6 5. d3 d5 6. Qe2 Be7 7. a4 h6 8. O-O O-O
9. Na3 b6 10. Bf4 Bb7 11. e5 Nd7 12. h4 a6 13. Rfe1 Qc7 14. c3 Rfc8 15. g4 Nf8
16. Bg3 Qd8 17. h5 Nh7 18. Nb1 b5 19. axb5 axb5 20. Nbd2 Rxa1 21. Rxa1 Ra8 22.
Qd1 Nf8 23. d4 b4 24. dxc5 Rxa1 25. Qxa1 Nd7 26. Nb3 Nxc5 27. Nxc5 Bxc5 28. Qc1
bxc3 29. bxc3 Ba6 30. Qc2 Bc4 31. Nd2 Bb5 32. Nf3 Bc4 33. Nd2 Bb5 34. Nf3 1/2-1/2

[Event "World Rapid 2025"]
[Site "Doha QAT"]
[Date "2025.12.26"]
[Round "2.10"]
[White "Muradli, Mahammad"]
[Black "Yu, Yangyi"]
[Result "0-1"]
[WhiteTitle "GM"]
[BlackTitle "GM"]
[WhiteElo "2581"]
[BlackElo "2717"]
[WhiteFideId "13409301"]
[BlackFideId "8603820"]
[EventDate "2025.12.26"]
[EventType "rapid"]

1. d4 d5 2. c4 e6 3. Nf3 Nf6 4. g3 Bb4+ 5. Bd2 Be7 6. Bg2 O-O 7. O-O c6 8. Qc2
Nbd7 9. Bf4 h6 10. Rd1 a5 11. Nc3 dxc4 12. Nd2 Nb6 13. e4 Bd7 14. h3 a4 15. a3
Qc8 16. Rac1 c5 17. Be3 Rd8 18. Ne2 Bb5 19. Nc3 Be8 20. Ne2 Bb5 21. Nc3 cxd4 22.
Bxd4 Rxd4 23. Nxb5 Rd8 24. Nxc4 Qxc4 25. Rxd8+ Rxd8 26. Qxc4 Nxc4 27. Rxc4 Rd1+
28. Kh2 Rd2 29. Rc8+ Bf8 30. e5 Nd7 31. f4 Nb6 32. Rb8 Nc4 33. Kh1 g5 34. Rxb7
Bc5 35. Bf3 gxf4 36. gxf4 Rf2 37. Rc7 Rxf3 38. Rxc5 Nxb2 39. Nd6 Nd3 40. Rc8+
Kg7 41. f5 exf5 42. Ne8+ Kg6 43. Rc6+ Kg5 44. Rc4 f4 45. Kh2 Kh4 46. Nd6 Rf2+
47. Kg1 Kxh3 0-1

[Event "World Rapid 2025"]
[Site "Doha QAT"]
[Date "2025.12.26"]
[Round "2.11"]
[White "Grischuk, Alexander"]
[Black "Droin, Augustin"]
[Result "1-0"]
[WhiteTitle "GM"]
[BlackTitle "IM"]
[WhiteElo "2654"]
[BlackElo "2480"]
[WhiteFideId "4126025"]
[BlackFideId "45105987"]
[EventDate "2025.12.26"]
[EventType "rapid"]

1. e4 c5 2. Nf3 d6 3. Bc4 Nf6 4. d3 Nc6 5. O-O e6 6. a4 d5 7. Bb5 Qc7 8. Re1 Be7
9. Bxc6+ Qxc6 10. e5 Nd7 11. d4 O-O 12. Nc3 f6 13. exf6 Bxf6 14. Bg5 b6 15. Bxf6
Rxf6 16. Ne2 Ba6 17. Ng3 Raf8 18. c3 Qd6 19. Re3 cxd4 20. cxd4 Rc8 21. Qd2 Rff8
22. Rae1 Rfe8 23. h3 Qc6 24. b3 h6 25. Nh5 Nf8 26. Ne5 Qc2 27. Rg3 Qxd2 28. Nf6+
Kh8 29. Nf7# 1-0

[Event "World Rapid 2025"]
[Site "Doha QAT"]
[Date "2025.12.26"]
[Round "2.12"]
[White "Jumabayev, Rinat"]
[Black "Santos Latasa, Jaime"]
[Result "0-1"]
[WhiteTitle "GM"]
[BlackTitle "GM"]
[WhiteElo "2560"]
[BlackElo "2616"]
[WhiteFideId "13702661"]
[BlackFideId "2293307"]
[EventDate "2025.12.26"]
[EventType "rapid"]

1. d4 Nf6 2. c4 e6 3. Nf3 d5 4. g3 Bb4+ 5. Bd2 Be7 6. Bg2 c6 7. Qc2 Nbd7 8. O-O
b6 9. Rd1 Bb7 10. b3 a5 11. Bf4 O-O 12. Nc3 Ba6 13. Ne5 Nxe5 14. Bxe5 Rc8 15.
Na4 Nd7 16. Bf4 b5 17. Nb2 bxc4 18. bxc4 c5 19. dxc5 Rxc5 20. Be3 Rc8 21. Rab1
Bxc4 22. Nxc4 Rxc4 23. Qb3 Rb4 24. Qc2 Qc8 25. Rbc1 Rc4 26. Qb3 Ne5 27. Bf4 g5
28. Bd2 a4 29. Qb5 Qb8 30. Rb1 Qxb5 31. Rxb5 Rc2 32. e4 Nc4 33. Bb4 Bxb4 34.
Rxb4 d4 35. Bf1 Ne5 36. Rxa4 Rb8 37. Bd3 Rc3 38. Be2 Rb2 39. Bh5 g4 40. Ra5 f6
41. Ra6 Rcc2 42. Rf1 d3 43. Rxe6 d2 44. Rd6 Rc1 45. Kg2 Rbb1 0-1

[Event "World Rapid 2025"]
[Site "Doha QAT"]
[Date "2025.12.26"]
[Round "2.13"]
[White "Nihal, Sarin"]
[Black "Makhnev, Denis"]
[Result "1-0"]
[WhiteTitle "GM"]
[BlackTitle "GM"]
[WhiteElo "2701"]
[BlackElo "2532"]
[WhiteFideId "25092340"]
[BlackFideId "13707647"]
[EventDate "2025.12.26"]
[EventType "rapid"]

1. c4 e6 2. g3 d5 3. Bg2 Nc6 4. f4 h5 5. Nc3 Nf6 6. Nf3 d4 7. Na4 h4 8. Nxh4 e5
9. d3 exf4 10. Bxf4 Ng4 11. Bxc6+ bxc6 12. Qd2 a5 13. a3 Be7 14. Nf3 f6 15. Qc2
g5 16. Bd2 c5 17. h4 Bb7 18. Rf1 Bc6 19. O-O-O Rg8 20. Rde1 Qd7 21. b3 Kd8 22.
Kb1 Kc8 23. Ka2 Qd6 24. e3 Qxg3 25. exd4 Bf8 26. d5 Bxa4 27. bxa4 gxh4 28. Re8+ 1-0

[Event "World Rapid 2025"]
[Site "Doha QAT"]
[Date "2025.12.26"]
[Round "2.14"]
[White "Puranik, Abhimanyu"]
[Black "Praggnanandhaa, R"]
[Result "1/2-1/2"]
[WhiteTitle "GM"]
[BlackTitle "GM"]
[WhiteElo "2622"]
[BlackElo "2761"]
[WhiteFideId "5061245"]
[BlackFideId "25059530"]
[EventDate "2025.12.26"]
[EventType "rapid"]

1. e4 c6 2. d4 d5 3. exd5 cxd5 4. Nf3 Nc6 5. c4 Nf6 6. h3 g6 7. c5 Bg7 8. Bb5
Qa5+ 9. Nc3 O-O 10. O-O Ne4 11. a4 Rd8 12. Re1 Bf5 13. Ra3 Nb4 14. g4 Be6 15.
Nxe4 dxe4 16. Rxe4 Bd5 17. Rxe7 a6 18. Bf1 Bf6 19. Re1 b6 20. cxb6 Qxb6 21. Ne5
Be6 22. a5 Qxd4 23. Qxd4 Rxd4 24. Rc3 Na2 25. Rc5 Nxc1 26. Rexc1 Rd2 27. Nc4
Bxc4 28. R5xc4 Rxb2 29. R1c2 Rxc2 30. Rxc2 Bd8 31. Rc5 Kg7 32. Kg2 Be7 33. Rc7
Bd8 34. Rc6 Bxa5 35. Rxa6 Rxa6 36. Bxa6 1/2-1/2

[Event "World Rapid 2025"]
[Site "Doha QAT"]
[Date "2025.12.26"]
[Round "2.15"]
[White "Radjabov, Teimour"]
[Black "Sahidi, Samir"]
[Result "1-0"]
[WhiteTitle "GM"]
[BlackTitle "IM"]
[WhiteElo "2692"]
[BlackElo "2516"]
[WhiteFideId "13400924"]
[BlackFideId "14936372"]
[EventDate "2025.12.26"]
[EventType "rapid"]

1. d4 Nf6 2. Nf3 d5 3. Bf4 c5 4. dxc5 e6 5. e3 Bxc5 6. Nbd2 Nc6 7. Bd3 O-O 8.
O-O Re8 9. e4 e5 10. Bg5 d4 11. a3 Be7 12. Bh4 Nd7 13. Bg3 Bf6 14. b4 Nb6 15.
Nc4 Na4 16. b5 Nc3 17. Qd2 Nxb5 18. Ncxe5 Nxe5 19. Nxe5 Bxe5 20. Bxb5 Bd7 21.
Bd3 Bxg3 22. hxg3 Rc8 23. Qb4 Bc6 24. Rfe1 Qf6 25. Re2 Red8 26. Qa5 a6 27. Rb1
h6 28. f4 Qe7 29. Kh2 Qc7 30. Qh5 Qe7 31. e5 Bb5 32. Bxb5 axb5 33. Rxb5 d3 34.
cxd3 Rxd3 35. Reb2 Rd7 36. Qf3 Rcc7 37. Rb6 Rc1 38. Rb1 Rxb1 39. Rxb1 Rc7 40. a4
Qd7 41. Qe4 g6 42. a5 Kg7 43. Rf1 Qg4 44. Qf3 Qe6 45. Rb1 Rc5 46. Rb6 Qc8 47.
Qxb7 Qf5 48. Qf3 Rxa5 49. Rf6 Qc8 50. Rc6 Qf5 51. g4 Qb1 52. e6 Ra1 53. Qc3+ Kh7
54. Rc8 1-0

[Event "World Rapid 2025"]
[Site "Doha QAT"]
[Date "2025.12.26"]
[Round "2.16"]
[White "Hakobyan, Aram"]
[Black "Sevian, Samuel"]
[Result "1-0"]
[WhiteTitle "GM"]
[BlackTitle "GM"]
[WhiteElo "2613"]
[BlackElo "2688"]
[WhiteFideId "13306677"]
[BlackFideId "2040506"]
[EventDate "2025.12.26"]
[EventType "rapid"]

1. e4 e6 2. d4 d5 3. Nc3 Nf6 4. e5 Nfd7 5. f4 c5 6. Nf3 Nc6 7. Be3 Be7 8. Bd3
cxd4 9. Nxd4 Nc5 10. Be2 a6 11. a3 Bd7 12. Nf3 O-O 13. b4 Ne4 14. Nxe4 dxe4 15.
Nd2 f6 16. O-O fxe5 17. Nxe4 exf4 18. Bxf4 Be8 19. Bc4 Kh8 20. c3 Bg6 21. Qxd8
Raxd8 22. Rae1 e5 23. Bg3 Rxf1+ 24. Bxf1 h6 25. a4 Rf8 26. Bf2 Bf5 27. g3 Bg4
28. Bg2 Bc8 29. Bc5 Rd8 30. a5 Kg8 31. Bxe7 Nxe7 32. Nc5 Nc6 33. Bxc6 bxc6 34.
Rxe5 Kf7 35. Kf2 Rd1 36. Re1 Rd5 37. Re3 Rd2+ 38. Re2 Rd1 39. Ke3 g5 40. Rd2
Re1+ 41. Kf2 Rh1 42. Kg2 Rc1 43. Rd6 Rc2+ 44. Kf1 h5 45. Rxc6 Bh3+ 46. Ke1 Rxh2
47. Ne4 g4 48. Rxa6 Bg2 49. Ng5+ Kg7 50. Ne6+ Kh7 51. Nf4 Bf3 52. Ra7+ Kh6 53.
Ra6+ Kh7 54. Rg6 Rc2 55. Rg5 h4 56. gxh4 Rxc3 57. a6 Rc4 58. Nd3 Be4 59. Rxg4
Bxd3 60. Rxc4 Bxc4 61. a7 Bd5 62. Kf2 Kg6 63. Ke3 Kf5 64. Kd4 Bf3 65. Kc5 Ke6
66. h5 1-0

[Event "World Rapid 2025"]
[Site "Doha QAT"]
[Date "2025.12.26"]
[Round "2.17"]
[White "Grebnev, Aleksey"]
[Black "Robson, Ray"]
[Result "0-1"]
[WhiteTitle "GM"]
[BlackTitle "GM"]
[WhiteElo "2632"]
[BlackElo "2650"]
[WhiteFideId "34189030"]
[BlackFideId "2023970"]
[EventDate "2025.12.26"]
[EventType "rapid"]

1. e4 e5 2. Nf3 Nc6 3. Bc4 Nf6 4. d3 Bc5 5. c3 d6 6. O-O O-O 7. Re1 h6 8. h3 a6
9. a4 Re8 10. Nbd2 Be6 11. b4 Ba7 12. Bxe6 Rxe6 13. Bb2 Nh5 14. Nf1 Ne7 15. Ng5
Rf6 16. d4 Nf4 17. Nf3 Neg6 18. Ne3 Re6 19. Nf5 d5 20. Qc2 dxe4 21. Rxe4 Qf6 22.
g4 exd4 23. cxd4 Nxh3+ 24. Kg2 Nhf4+ 25. Kg3 Nd5 26. Rae1 Rae8 27. b5 axb5 28.
axb5 c6 29. bxc6 bxc6 30. Bc1 Bb8+ 31. Kg2 Ngf4+ 32. Kf1 h5 33. Rxe6 fxe6 34. g5
Qg6 35. Qxc6 Rf8 36. N5h4 Qd3+ 37. Kg1 Ne2+ 38. Kg2 Qe4 39. Qa6 Qg4+ 40. Kf1
Nxd4 41. Nxd4 Qxh4 42. Qxe6+ Kh8 43. Be3 Nxe3+ 44. Qxe3 Ba7 45. Rd1 Rd8 46. Qe7
Qh3+ 47. Ke1 Qc3+ 48. Kf1 Qc4+ 49. Kg1 Qc8 50. Kh2 Bxd4 51. Rc1 Qd7 52. Qe2 Qf7
53. Kg2 Re8 54. Qd2 Qd5+ 55. Kg1 Rf8 56. Rf1 Qe4 0-1

[Event "World Rapid 2025"]
[Site "Doha QAT"]
[Date "2025.12.26"]
[Round "2.18"]
[White "Esipenko, Andrey"]
[Black "Can, Emre"]
[Result "1/2-1/2"]
[WhiteTitle "GM"]
[BlackTitle "GM"]
[WhiteElo "2698"]
[BlackElo "2541"]
[WhiteFideId "24175439"]
[BlackFideId "6302181"]
[EventDate "2025.12.26"]
[EventType "rapid"]

1. d4 d5 2. Nf3 Nf6 3. g3 e6 4. Bg2 c5 5. O-O Nc6 6. b3 cxd4 7. Nxd4 Bc5 8. Bb2
Nxd4 9. Bxd4 Bxd4 10. Qxd4 Bd7 11. c4 dxc4 12. Qxc4 Qb6 13. Na3 O-O 14. Qd3 Rfd8
15. Nc4 Qc7 16. Qd6 Rac8 17. Rfd1 b5 18. Qxc7 Rxc7 19. Ne5 Rdc8 20. Nxd7 Nxd7
21. Rd2 Kf8 22. Rad1 Nb6 23. f4 1/2-1/2

[Event "World Rapid 2025"]
[Site "Doha QAT"]
[Date "2025.12.26"]
[Round "2.19"]
[White "Jobava, Baadur"]
[Black "Kobalia, Mikhail"]
[Result "1/2-1/2"]
[WhiteTitle "GM"]
[BlackTitle "GM"]
[WhiteElo "2568"]
[BlackElo "2537"]
[WhiteFideId "13601520"]
[BlackFideId "4119150"]
[EventDate "2025.12.26"]
[EventType "rapid"]

1. c4 c6 2. d4 d5 3. Nf3 Nf6 4. Nc3 e6 5. cxd5 exd5 6. Bf4 Bf5 7. e3 Be7 8. Qb3
Qb6 9. Nd2 O-O 10. f3 Nbd7 11. g4 Be6 12. h4 Ne8 13. Bd3 Bd6 14. Ne2 Qxb3 15.
Nxb3 a5 16. Kf2 f6 17. a3 a4 18. Bxd6 Nxd6 19. Nc5 Nxc5 20. dxc5 Nf7 21. Nd4 Bd7
22. Rac1 Ne5 23. Rhd1 Rae8 24. Be2 f5 25. gxf5 Bxf5 26. Nxf5 Rxf5 27. Rd4 Ra8
28. Rb4 Rf7 29. e4 dxe4 30. Rxe4 Rxf3+ 31. Bxf3 Nd3+ 32. Ke3 Nxc1 33. Re7 Nb3
34. Rxb7 Re8+ 35. Kf4 Nxc5 36. Rb6 Nd3+ 37. Kg4 Ne5+ 38. Kg3 Nxf3 39. Kxf3 c5
40. Rb5 g6 41. Rxc5 Rb8 42. Rc4 Rxb2 1/2-1/2

[Event "World Rapid 2025"]
[Site "Doha QAT"]
[Date "2025.12.26"]
[Round "2.20"]
[White "Makarian, Rudik"]
[Black "Murzin, Volodar"]
[Result "1-0"]
[WhiteTitle "GM"]
[BlackTitle "GM"]
[WhiteElo "2524"]
[BlackElo "2648"]
[WhiteFideId "44105681"]
[BlackFideId "44155573"]
[EventDate "2025.12.26"]
[EventType "rapid"]

1. d4 d5 2. c4 c6 3. Nf3 Nf6 4. Nc3 e6 5. Bg5 h6 6. Bxf6 Qxf6 7. a3 dxc4 8. e3
Nd7 9. Bxc4 Bd6 10. Ne4 Qe7 11. Nxd6+ Qxd6 12. O-O Qe7 13. Ne5 O-O 14. f4 c5 15.
Qh5 cxd4 16. exd4 Nxe5 17. fxe5 Qg5 18. Qxg5 hxg5 19. Kf2 Bd7 20. Ke3 Bc6 21. g3
Rac8 22. Bd3 Bd5 23. Rf2 f5 24. exf6 gxf6 25. h4 gxh4 26. gxh4 Kf7 27. h5 Rh8
28. Rg1 Rh6 29. Rc2 Rxc2 30. Bxc2 e5 31. dxe5 fxe5 32. Bg6+ Ke7 33. Rc1 Bc6 34.
Rf1 Be8 35. Bxe8 Kxe8 36. Rf5 Rb6 37. b4 Ra6 38. Rxe5+ Kf8 39. Ra5 Re6+ 40. Kd4
a6 41. Rf5+ Kg7 42. Re5 Rb6 43. Kc5 Rc6+ 44. Kd5 Kf7 45. a4 Rc1 46. a5 Rh1 47.
Kc5 Rh4 48. b5 Kf6 49. Rd5 Ke6 50. bxa6 bxa6 51. Rd6+ Ke7 52. Rh6 Kf7 53. Kb6
Kg7 54. Rg6+ Kf7 55. Rg5 1-0

[Event "World Rapid 2025"]
[Site "Doha QAT"]
[Date "2025.12.26"]
[Round "2.21"]
[White "Bortnyk, Olexandr"]
[Black "Hovhannisyan, Robert"]
[Result "0-1"]
[WhiteTitle "GM"]
[BlackTitle "GM"]
[WhiteElo "2601"]
[BlackElo "2621"]
[WhiteFideId "14120828"]
[BlackFideId "13302507"]
[EventDate "2025.12.26"]
[EventType "rapid"]

1. d4 d5 2. Nc3 Nf6 3. Bf4 c5 4. e3 cxd4 5. exd4 a6 6. Nf3 Nc6 7. Be2 Bg4 8. a3
e6 9. Be3 Bd6 10. h3 Bh5 11. O-O O-O 12. Nd2 Bg6 13. Nf3 h6 14. Bd3 Bxd3 15.
Qxd3 Rc8 16. Ne2 Na5 17. b3 b5 18. Rfc1 Qb6 19. Nd2 Rc7 20. c3 Rfc8 21. b4 Nc4
22. Nb3 a5 23. Nc5 Ra7 24. Bf4 Rca8 25. Bxd6 Qxd6 26. bxa5 Nd7 27. Rcb1 Nxc5 28.
dxc5 Qxc5 29. Nd4 Nd6 30. a4 bxa4 31. Rxa4 Ne4 32. c4 Rxa5 33. Rxa5 Qxa5 34.
cxd5 Qxd5 35. Qe3 Rd8 36. Nf3 Nf6 37. Ne5 Qe4 38. Qxe4 Nxe4 39. f3 Nd6 40. Rd1
Nb7 41. Rb1 Nc5 42. Rb5 Nd3 43. Nxd3 Rxd3 44. Kh2 Rd4 45. g4 g6 46. Kg3 Kg7 47.
h4 Rd3 48. h5 Rd5 49. Rb7 0-1

[Event "World Rapid 2025"]
[Site "Doha QAT"]
[Date "2025.12.26"]
[Round "2.22"]
[White "Rakhmanov, Aleksandr"]
[Black "Martinez Alcantara, Jose Eduardo"]
[Result "1/2-1/2"]
[WhiteTitle "GM"]
[BlackTitle "GM"]
[WhiteElo "2585"]
[BlackElo "2667"]
[WhiteFideId "4173708"]
[BlackFideId "3805662"]
[EventDate "2025.12.26"]
[EventType "rapid"]

1. c4 c5 2. Nc3 g6 3. g3 Bg7 4. Bg2 Nc6 5. e3 e6 6. Nge2 Nge7 7. Nf4 O-O 8. O-O
a6 9. b3 b5 10. Bb2 Rb8 11. Rb1 d6 12. d3 Ne5 13. Qe2 Bb7 14. Ne4 Bxe4 15. Bxe4
Nd7 16. Bxg7 Kxg7 17. Bg2 Nf6 18. Rbd1 Qc7 19. Rd2 Rfd8 20. Rc1 Qa5 21. h4 e5
22. Nd5 Nexd5 23. Bxd5 Nxd5 24. cxd5 h5 25. Kg2 f5 26. Rdc2 Re8 27. Qd2 Qxd2 28.
Rxd2 e4 29. d4 cxd4 30. Rc7+ Kf6 31. exd4 b4 32. Rd7 Red8 33. Rxd8 Rxd8 34. Rc2
Rb8 35. Rc6 Ke7 36. Rc7+ Kf6 37. Rd7 Rb6 38. f3 a5 39. Kf2 Ra6 40. Ke3 exf3 41.
Kxf3 g5 42. hxg5+ Kxg5 43. Rg7+ Kf6 44. Rh7 Kg5 45. Rg7+ Kf6 46. Rc7 a4 47. Rc6
axb3 48. axb3 Ra3 49. Kf4 Ke7 50. Kxf5 Rxb3 51. Rc7+ Kd8 52. Rb7 Kc8 53. Rb6 Kc7
54. Rc6+ Kd7 55. Rb6 Rf3+ 56. Ke4 Rxg3 57. Rxb4 h4 58. Rb7+ Kd8 59. Kf5 h3 60.
Rh7 Re3 61. Kf4 Ra3 62. Kg4 Rd3 63. Kf5 Re3 1/2-1/2

[Event "World Rapid 2025"]
[Site "Doha QAT"]
[Date "2025.12.26"]
[Round "2.23"]
[White "Sarana, Alexey"]
[Black "Urkedal, Frode Olav Olsen"]
[Result "1/2-1/2"]
[WhiteTitle "GM"]
[BlackTitle "GM"]
[WhiteElo "2673"]
[BlackElo "2568"]
[WhiteFideId "24133795"]
[BlackFideId "1506102"]
[EventDate "2025.12.26"]
[EventType "rapid"]

1. d4 Nf6 2. c4 e6 3. Nf3 d5 4. Nc3 c6 5. e3 Nbd7 6. Bd3 dxc4 7. Bxc4 b5 8. Bd3
Bb7 9. O-O b4 10. Na4 Rc8 11. a3 bxa3 12. b3 c5 13. dxc5 Nxc5 14. Bb5+ Bc6 15.
Bxc6+ Rxc6 16. Qxd8+ Kxd8 17. Ne5 Rc7 18. Rd1+ Kc8 19. Bxa3 Nxa4 20. Bxf8 Rxf8
21. Rxa4 Nd5 22. Rda1 Kb8 23. h4 Nb6 24. Rb4 Rd8 25. g4 Rd5 26. Nc4 Rb7 27. Na5
Rc7 28. Kg2 Kc8 29. g5 Rd2 30. Rf4 Kd8 31. Nc4 Nxc4 32. Rxc4 Rb7 33. b4 Rd5 34.
f4 Rdb5 35. Ra4 Kd7 36. Kf3 h6 37. Ke4 hxg5 38. hxg5 f6 39. gxf6 gxf6 40. Kd4
e5+ 41. Kc3 Ke6 42. Ra6+ Kf5 43. e4+ Kxf4 44. Rxf6+ Ke3 45. Ra6 Rd7 46. Rc5 Rb8
47. Rc4 Rd3+ 48. Kb2 Rd4 49. Kc3 Rb7 50. Re6 Rxc4+ 51. Kxc4 Kxe4 52. b5 Rd7 53.
Kc5 Kf5 54. Re8 e4 55. Kc6 Rf7 56. Kd5 Rd7+ 57. Kc6 Rd1 58. Rf8+ Ke5 59. Re8+
Kf4 60. Rf8+ Kg3 61. Ra8 Ra1 62. b6 Rc1+ 63. Kd5 axb6 64. Kxe4 Re1+ 65. Kd5 Rd1+
66. Kc6 Rc1+ 67. Kxb6 1/2-1/2

[Event "World Rapid 2025"]
[Site "Doha QAT"]
[Date "2025.12.26"]
[Round "2.24"]
[White "Pranesh, M"]
[Black "Keymer, Vincent"]
[Result "1/2-1/2"]
[WhiteTitle "GM"]
[BlackTitle "GM"]
[WhiteElo "2627"]
[BlackElo "2776"]
[WhiteFideId "35028600"]
[BlackFideId "12940690"]
[EventDate "2025.12.26"]
[EventType "rapid"]

1. e4 e5 2. Nf3 Nc6 3. Nc3 Nf6 4. Bb5 Bd6 5. d3 O-O 6. Ba4 Re8 7. O-O h6 8. Be3
Bf8 9. Nd5 d6 10. Nd2 Bd7 11. c4 Nxd5 12. cxd5 Ne7 13. d4 exd4 14. Bxd4 Bxa4 15.
Qxa4 c6 16. dxc6 Nxc6 17. Bc3 d5 18. exd5 Qxd5 19. Rad1 b5 20. Qb3 Qxb3 21. Nxb3
b4 22. Bd2 a5 23. Be3 Ne5 24. Rc1 Nd3 25. Rc2 Rec8 26. Rxc8 Rxc8 27. Nxa5 Nxb2
28. Rc1 Ra8 29. Nb3 Na4 30. Bd2 g5 31. g3 Nb6 32. Rc2 Kh7 33. Nd4 Nd5 34. Nf5
Kg6 35. g4 h5 36. h3 f6 37. Kg2 Ra3 38. Nd4 Rd3 39. Nf5 Ra3 40. Nd4 Ra6 41. Kf3
Ra3+ 42. Ke4 Nb6 43. f3 hxg4 44. hxg4 Nd7 45. Ne6 b3 46. axb3 Rxb3 47. Rc7 Rb6
48. Nd4 Nc5+ 49. Kd5 Rd6+ 50. Kxc5 Rd7+ 51. Kc6 Rxd4 52. Rd7 Rxd7 53. Kxd7 1/2-1/2

[Event "World Rapid 2025"]
[Site "Doha QAT"]
[Date "2025.12.26"]
[Round "2.25"]
[White "Grandelius, Nils"]
[Black "Tin, Jingyao"]
[Result "1/2-1/2"]
[WhiteTitle "GM"]
[BlackTitle "GM"]
[WhiteElo "2664"]
[BlackElo "2584"]
[WhiteFideId "1710400"]
[BlackFideId "5804418"]
[EventDate "2025.12.26"]
[EventType "rapid"]

1. e4 e5 2. Nf3 Nc6 3. Bb5 a6 4. Ba4 d6 5. c4 Nf6 6. Nc3 Bg4 7. h3 Bxf3 8. Qxf3
Nd7 9. d3 Nd4 10. Qd1 c6 11. O-O Be7 12. Be3 Ne6 13. d4 exd4 14. Bxd4 Nxd4 15.
Qxd4 O-O 16. Rad1 b5 17. Bb3 Qb6 18. Ne2 Nc5 19. Ng3 Bf6 20. Qxd6 Rad8 21. Qf4
Nxb3 22. axb3 bxc4 23. e5 Qc7 24. Qxc4 Bxe5 25. Qxa6 Rxd1 26. Rxd1 Bxg3 27. fxg3
Qxg3 28. Qxc6 Qxb3 29. Qc1 h6 30. Kh1 Re8 31. Rf1 Qd5 32. Qd1 1/2-1/2

[Event "World Rapid 2025"]
[Site "Doha QAT"]
[Date "2025.12.26"]
[Round "2.26"]
[White "Pantsulaia, Levan"]
[Black "Van Foreest, Jorden"]
[Result "1/2-1/2"]
[WhiteTitle "GM"]
[BlackTitle "GM"]
[WhiteElo "2472"]
[BlackElo "2692"]
[WhiteFideId "13602071"]
[BlackFideId "1039784"]
[EventDate "2025.12.26"]
[EventType "rapid"]

1. Nf3 d6 2. c4 g6 3. d4 Bg7 4. Nc3 Nf6 5. g3 O-O 6. Bg2 Bf5 7. Nh4 Bc8 8. Nf3
Bf5 9. Qb3 Nc6 10. O-O a5 11. d5 Nb4 12. Nd4 Bd7 13. Rd1 Qc8 14. a3 Na6 15. Qc2
Nc5 16. b3 e5 17. dxe6 fxe6 18. Ndb5 Bc6 19. Bg5 Bxg2 20. Kxg2 b6 21. f3 Qb7 22.
b4 Ncd7 23. Qb3 Kh8 24. Nd4 Rfe8 25. e4 axb4 26. axb4 Rxa1 27. Rxa1 Nxe4 28.
Nxe4 Bxd4 29. Rd1 Bg7 30. Qa4 Qc8 31. Rxd6 cxd6 32. Nxd6 Qa8 33. Qxd7 Rf8 34.
Ne4 Qa2+ 35. Nd2 Qb2 36. b5 Bc3 37. Qd3 Kg8 38. Kh3 Bxd2 39. Bxd2 Qf6 40. Bf4
Rd8 41. Qe3 h5 42. c5 bxc5 43. Qxc5 Rd5 44. Qc8+ Rd8 45. Qc5 e5 46. Qxe5 Qxe5
47. Bxe5 Rd5 48. f4 Rxb5 49. g4 Kf7 50. Kh4 hxg4 51. Kxg4 Rb1 52. f5 Rf1 53.
fxg6+ Kxg6 54. Bf4 Rb1 55. Be5 Rb4+ 56. Bf4 Rc4 57. Kf3 Kf5 58. Bg3 Rc3+ 59. Ke2
Ke4 60. Kd2 Rd3+ 61. Ke2 Ra3 62. Kd2 Rb3 63. Kc2 Rd3 64. Bf4 Rd7 65. Bg3 Rd3 66.
Bf4 Rd8 67. Bg3 Ke3 68. Kc3 Rc8+ 69. Kb4 Kd4 70. Kb5 Rc5+ 71. Kb6 Kd5 72. Bf4
Rc6+ 73. Kb5 Rc3 74. Kb6 Rc2 75. Bg3 Rc5 76. Bf4 Rc8 77. Bg3 Re8 78. Kb5 Re4 79.
Kb6 Rb4+ 80. Kc7 Rb3 81. Bf4 Rh3 82. Kb6 Rb3+ 83. Kc7 Rf3 84. Bg3 Rf6 85. Kb7
Rc6 86. Bf4 Kc5 87. h4 Kb5 88. Bg5 Rc5 89. Be7 Re5 90. Bg5 Rc5 91. Be7 Rc6 92.
Bg5 Rc4 93. Be7 Rf4 94. Kc7 Rxh4 1/2-1/2

[Event "World Rapid 2025"]
[Site "Doha QAT"]
[Date "2025.12.26"]
[Round "2.27"]
[White "Ivanchuk, Vasyl"]
[Black "Kosakowski, Jakub"]
[Result "1/2-1/2"]
[WhiteTitle "GM"]
[BlackTitle "GM"]
[WhiteElo "2607"]
[BlackElo "2549"]
[WhiteFideId "14100010"]
[BlackFideId "1185080"]
[EventDate "2025.12.26"]
[EventType "rapid"]

1. d4 Nf6 2. c4 e6 3. Nc3 Bb4 4. Qc2 O-O 5. a3 Bxc3+ 6. Qxc3 d5 7. e3 b6 8. cxd5
exd5 9. Bd3 Ba6 10. Bxa6 Nxa6 11. Qc6 Qe8 12. Qxe8 Rfxe8 13. Ne2 c5 14. b3 Rac8
15. f3 Nb8 16. Kf2 cxd4 17. Nxd4 Nc6 18. Bb2 Nxd4 19. Bxd4 Rc2+ 20. Kg3 Nd7 21.
Rhc1 Rec8 22. Rxc2 Rxc2 23. a4 a6 24. Rf1 f6 25. Rf2 Rxf2 26. Kxf2 Kf7 27. Ke2
Ke6 28. Kd2 Kd6 29. Bb2 Nc5 30. Ba3 Kc6 31. Kc3 Ne6 32. Bb4 h5 33. Kd3 Nc5+ 34.
Kc2 Ne6 35. Bc3 Nc5 36. h4 Ne6 37. g4 hxg4 38. fxg4 Nc5 39. h5 Ne4 40. Bb4 Nc5
41. g5 fxg5 42. Bc3 g4 43. Bxg7 g3 44. Be5 g2 45. Bh2 Ne4 46. h6 Ng5 47. Kd3 Nf3
48. h7 Nxh2 49. h8=Q g1=Q 50. Qf6+ 1/2-1/2